Energy security and alternative sources in the Caspian Sea region

Zdroje energie v Kaspickom regióne. Zemný plyn. Globálne rezervy zemného plynu. Vývoj globálnej produkcie zemného plynu. Globálna spotreba zemného plynu. Tranzit - dovoz a vývoz zemného plynu vo svete. Význam kaspického regiónu vzhľadom na globálnu bezpečnosť a dôsledky pre globálny energetický prie...

ver descrição completa

Na minha lista:
Detalhes bibliográficos
Autor principal: Dilbazi, Eltay
Formato: Capítulo de Livro
Idioma:inglês
Assuntos:
Tags: Adicionar Tag
Sem tags, seja o primeiro a adicionar uma tag!

MARC

LEADER 00000naa$a2200000$$$4500
001 0112759
005 20231009114213.9
041 0 |a eng 
044 |a SK 
245 1 0 |a Energy security and alternative sources in the Caspian Sea region  |c Eltay Dilbazi 
520 |a Zdroje energie v Kaspickom regióne. Zemný plyn. Globálne rezervy zemného plynu. Vývoj globálnej produkcie zemného plynu. Globálna spotreba zemného plynu. Tranzit - dovoz a vývoz zemného plynu vo svete. Význam kaspického regiónu vzhľadom na globálnu bezpečnosť a dôsledky pre globálny energetický priemysel. 
610 2 0 |a bezpečnosť energetická 
610 2 0 |a plyn zemný 
610 2 0 |a zdroje energie 
610 2 0 |a spotreba energie 
610 2 0 |a dovoz 
610 2 0 |a vývoz 
610 2 0 |a regióny 
610 2 0 |a more 
100 1 |a Dilbazi, Eltay